Name that Popular Figure Skater - Statistics

General Stats
  • This quiz has been taken 20 times
  • The average score is 13 of 16
Answer Stats
Picture Answer % Correct
Alysa Liu
100%
Adeliia Petrosian
93%
Alexandra (Sasha) Trusova
93%
Aliona Kostornaia
93%
Anna Shcherbakova
93%
Evgenia Medvedeva
93%
Evgeni Plushenko
93%
Kamila Valieva
93%
Kaori Sakamoto
93%
Yulia Lipnitskaya
93%
Yuzuru Hanyu
93%
Tonya Harding
80%
Tara Lipinski
67%
Jason Brown
60%
Tessa Virtue & Scott Moir
60%
Vasilisa Kaganovskaia
47%
No matching quizzes found
Score Distribution
Percent of People with Each Score
Percentile by Number Answered
Your Score History
You have not taken this quiz